1654 1909 1149 1549 1672 1269 1988 1844 1484 1957 1113 1333 1302 1179 1515 1065 1613 1124 1741 1910 1656 1099 1238 1783 1178 1828 1803 1926 1426 1011 1872 1109 1051 1247 1907 1204 1335 1205 1245 1296 1728 1715 1284 1636 1746 1652 1724 1101 1995 1566 1505 1463 1073 1414 1656 1742 1834 1914 1097 1829 1196 1461 1241 1695 1912 1136 1030 1256 1267 1423 1380 1307 1621 1332 1771 1562 1642 1888 1585 1119 1843 1913 1856 1978 1840 1047 1565 1434 1576 1905 1928 1314 1489 1452 1784 1571 1827 1499 1653 BCNSPRNW ULIB Ver.6.0+V

เปลี่ยนเป็นภาษาไทย

Change to English
 แสดงรายละเอียดบรรณานุกรม
  กลับหน้าหลัก

Brief Record : Get Marc (ISO 2709) : E-mail record : QR code < ปิดหน้าต่าง
LEADER : 00000nam 2200000uu 4500
001    13399128673
003     ULIB
008    230928s||||||||th 000 0 tha d
020    ^a8856652048356
060    ^aWS440^bป541น
100    ^aป้านกใหญ่
245    ^aนิทานสร้างลักษณะนิสัย มีบทเรียนสอนใจ ให้เด็ก ๆ เห็นโทษของการไม่เชื่อผู้ใหญ่ นิทานเสริมสร้างพัฒนาการเพื่อลูกน้อย เจ้าลายลูกแมวจอมซน : Striped Naughty Kitten
250    ^aพิมพ์ครั้งที่ 1
260    ^aกรุงเทพฯ :^bบริษัท วรรณาพับลิชชิ่ง จำกัด,^cม.ป.ป.
300    ^a24 หน้า;^c19 ซม.
650    ^aนิทานเด็ก
945    ^p50^l0^i30045
999    ^aกัณชพร จุลอักษร
รายการนี้ยังไม่มีแท็ก
คุณยังไม่ได้ล็อกอิน คุณสามารถมีกิจกรรมร่วมกับเว็บไซต์ได้ แต่ต้องล็อกอินก่อน ::
  ล็อกอิน

รายการสื่อสารสนเทศ

ลำดับที่ ประเภท เลขเรียก/บาร์โค้ด สถานที่ สถานะ
1. วิทยาศาสตร์การแพทย์ และสุขภาพ
วิทยาศาสตร์การแพทย์ และสุขภาพ
WS440 ป541น ฉ.1 
  Barcode: 30045
ห้องสมุดวิทยาเขตนครสวรรค์
►หนังสือทั่วไป:l:General Books
บนชั้น

รายการใกล้เคียง
    ชื่อเรื่อง [นิทานสร้างลักษณะนิสัย มีบทเรียนสอนใจ ให้เด็ก ๆ เห็นโทษของการไม่เชื่อผู้ใหญ่ นิทานเสริมสร้างพัฒนาการเพื่อลูกน้อย เจ้าลายลูกแมวจอมซน : Striped Naughty Kitten]

    ผู้แต่ง [ป้านกใหญ่]

    หัวเรื่อง [นิทานเด็ก]

BibComment


ยังไม่เคยถูกคอมเมนท์

คอมเมนท์ทรัพยากรรายการนี้
  คอมเมนท์: นิทานสร้างลักษณะ..


 Copyright 2026. Bcnsprnw @Library